00316nam a22001097a 4500020001800000040000900018082001200027100002200039245007600061260004200137650002700179 a9780486439457 cNUST a510 HAM aHamming Richard W aMethods of Mathematics Applied to Calculus, Probability, and Statistics aNew York:bDover Publications,c2004. aMethods of Mathematics